000 00300nam a2200121Ia 4500
008 220120s9999||||xx |||||||||||||| ||und||
020 _a440420431
082 _a425 WEB
100 _aWebsters
245 0 _awebsters 9th new collegiate dictionary
260 _awebsters
_bNew York
300 _a282p.
_b0
999 _c136427
_d136427